| 000 | 00920nam a22003017a 4500 | ||
|---|---|---|---|
| 001 | 000401 | ||
| 003 | DO-SdBPM | ||
| 005 | 20241204110534.0 | ||
| 007 | 000401 | ||
| 008 | 160719b2003 sp | 00| 0 spa d | ||
| 020 | _a8478888500 | ||
| 040 |
_aDO-SdBPM _bspa _cBPMSU |
||
| 050 | _b | ||
| 082 | 4 |
_a833.91 _bI12u 2003 _222 |
|
| 092 |
_axxxxx _bxxxxxx |
||
| 100 | 1 |
_aIbbotson, Eva, _d1925- 2010 |
|
| 240 | 1 | 0 |
_aMonster mission. _lEspañol |
| 245 | 1 | 0 |
_aUna misión monstruosa / _cEva Ibbotson ; traducción, Raquel Vázquez Ramil. |
| 260 |
_aBarcelona : _bSalamandra, _c2003. |
||
| 300 |
_a190 p. ; _c21 cm. |
||
| 500 | _aIncluye datos biográficos de la autora en la solapa de la cubierta. | ||
| 590 | _aInventariado, 2024/VM | ||
| 650 | 4 | _aNovela austriaca | |
| 650 | 4 |
_aMonstruos _vNovela |
|
| 700 | 1 |
_aVásquez Ramil, Raquel, _etraductor |
|
| 910 | _aVMateo V. Control de calidad. BPMSU | ||
| 942 |
_2ddc _cBK |
||
| 999 |
_c10943 _d10943 |
||